|
|
|
|
| LEADER |
00000nam0a2200000 4500 |
| 001 |
295399 |
| 005 |
20231102000814.0 |
| 035 |
|
|
|a (RuTPU)RU\TPU\book\320477
|
| 090 |
|
|
|a 295399
|
| 100 |
|
|
|a 20150522d1968 k y0rusy50 ca
|
| 101 |
0 |
|
|a rus
|
| 102 |
|
|
|a KZ
|
| 105 |
|
|
|a a z 001zy
|
| 200 |
1 |
|
|a Региональные гидрогеологические исследования в Казахстане
|e [сборник статей]
|f Академия наук Казахской ССР (АН КазССР), Институт гидрогеологии и гидрофизики ; отв. ред. У. М. Ахмедсафин
|
| 210 |
|
|
|a Алма-Ата
|c Наука
|d 1968
|
| 215 |
|
|
|a 239 с.
|c ил.
|
| 225 |
1 |
|
|a Труды института гидрогеологии и гидрофизики АН Казахской ССР
|v Том 1
|
| 320 |
|
|
|a Библиогр. в конце ст.
|
| 606 |
1 |
|
|a Гидрогеологические исследования
|x Методика
|2 stltpush
|3 (RuTPU)RU\TPU\subj\6619
|9 34454
|
| 610 |
1 |
|
|a Казахстан
|
| 610 |
1 |
|
|a региональные исследования
|
| 610 |
1 |
|
|a подземные воды
|
| 610 |
1 |
|
|a артезианские воды
|
| 610 |
1 |
|
|a слабоминерализованные воды
|
| 610 |
1 |
|
|a Мангышлак
|
| 610 |
1 |
|
|a пресные воды
|
| 610 |
1 |
|
|a горнорудные предприятия
|
| 610 |
1 |
|
|a водоснабжение
|
| 610 |
1 |
|
|a нефтегазоносность
|
| 610 |
1 |
|
|a Прикаспийская впадина
|
| 610 |
1 |
|
|a Тургайский прогиб
|
| 610 |
1 |
|
|a Рудный Алтай
|
| 610 |
1 |
|
|a методика
|
| 610 |
1 |
|
|a преподавание
|
| 675 |
|
|
|a 556.3.01
|v 4
|
| 702 |
|
1 |
|a Ахмедсафин
|b У. М.
|4 340
|
| 712 |
0 |
2 |
|a Академия наук Казахской ССР (АН КазССР)
|b Институт гидрогеологии и гидрофизики
|2 stltpush
|3 (RuTPU)RU\TPU\col\8430
|
| 801 |
|
1 |
|a RU
|b 63413507
|c 20150522
|
| 801 |
|
2 |
|a RU
|b 63413507
|c 20161003
|g RCR
|
| 942 |
|
|
|c BK
|